Modern Türkiye'nin doğuşu/ (Record no. 14557)

MARC details
000 -BAŞLIK
Sabit Uzunlukta Kontrol Alanı 00917nam a22003017a 4500
999 ## - SİSTEM KONTROL NUMARALARI (KOHA)
Koha Biblionumber 14557
Koha Biblioitemnumber 14557
003 - KONTROL NUMARASI IDENTIFIER
Denetim Alanı MIRAKIL
005 - SON İŞLEM TARİHİ VE ZAMANI
Denetim Alanı 20211019121919.0
008 - SABİT-BOY VERİ ELEMANLARI - GENEL BİLGİLER
Sabit Uzunlukta Kontrol Alanı 211019b tu ||||| |||| 00| 0 tur d
020 ## - ULUSLARARASI STANDART KİTAP NUMARASI
Uluslararası Standart Kitap Numarası 975160303X
035 ## - SİSTEM KONTROL NUMARASI
Sistem Kontrol Numarası 15532
040 ## - KATALOGLAMA KAYNAK
Orijinal Kataloglama Ajansı TR-AnCHP
Kataloglama Dili tur
Metne Dönüştürmek Ajansı TR-AnCHP
041 ## - DİL KODU
Metin / Ses Parça Veya Ayrı Başlığın Dil Kodu tur
082 ## - DEWEY ONLU SINIFLANDIRMA NUMARASI
Sınıflandırma Numarası 956.1024
Ürün Numarası L38m 1991
100 ## - ANA GİRİŞ - KİŞİSEL İSİM
Kişisel Ad Lewis, Bernard
245 ## - BAŞLIK TABLOSU
Başlık Modern Türkiye'nin doğuşu/
Sorumluluk Tablosu, Vb Bernard Lewis; ingilizceden çeviren Metin Kıratlı
250 ## - EDITION TABLOSU
Baskı Beyanı 4.bs.
260 ## - YAYIN, DAĞITIM, VB
Yayın, Dağıtım, Vb Yeri Ankara:
Yayıncı, Dağıtıcı, Vs Adı Türk Tarih Kurumu Basımevi,
Yayın, Dağıtım, Vb Tarihi 1991.
300 ## - FİZİKSEL TANIM
Kapsam xvı, 541 s.
Diğer Fiziksel Ayrıntıları hrt.
Boyutlar 23 sm.
490 ## - SERİSİ TABLOSU
Seri Beyanı AKDTYK Türk Tarih Kurumu Yayınları
Hacim / Ardışık Tanımı IV
504 ## - KAYNAKÇA VB NOT
Kaynakça Vb Notu Kaynakça ve dizin var.
650 ## - KONU KATMA GİRİŞ - TOPİKAL DÖNEM
Topikal Süreli Veya Coğrafi Ad Giriş Elemanı Türkiye Tarihi
651 ## - KONU KATMA GİRİŞ - COĞRAFİ ADI
Coğrafi İsim Türkiye
Genel Alt Bölümü Tarih
Kronolojik Alt Bölümü Modern Türkiye
651 ## - KONU KATMA GİRİŞ - COĞRAFİ ADI
Coğrafi İsim Türkiye
Genel Alt Bölümü Tarih
Kronolojik Alt Bölümü Kurtuluş Savaşı
651 ## - KONU KATMA GİRİŞ - COĞRAFİ ADI
Coğrafi İsim Türkiye
Genel Alt Bölümü Tarih
Kronolojik Alt Bölümü 20. yüzyıl
700 ## - KATMA GİRİŞ - KİŞİSEL İSİM
Kişisel Ad Kıratlı, Metin
942 ## - EKLENDİ GİRİŞ ELEMANLARI (KOHA)
Sınıflandırma Veya Raf Düzeni Kaynak Dewey Decimal Classification
Koha Öğesi Türü Books
999 ## - SİSTEM KONTROL NUMARALARI (KOHA)
Koha Biblioitemnumber 14557
Holdings
Kalıcı Konum Mevcut Konum Edinme Tarihi Toplam Check-Out'Lar Tam Çağrı Numarası Barkod Tarih Son Görülme İtibaren Geçerli Fiyatlar Sigara Kamu Notu Koha Öğesi Türü
CHP Kütüphanesi CHP Kütüphanesi 10/19/2021   956.1024 L38m 1991 020054 10/19/2021 10/19/2021 Emin Değer Bağışıdır. Books